000 00854nam a22002417a 4500
005 20170124110207.0
010 _aB-130337
020 _c00.00
_a8126011386
035 _aB-130337
037 _bCen Lib/Ret
040 _aDPL
_bEN
082 _aS
_bLAN
100 _aLankesh, P.
_937468
245 _aWhen stone melts and other stories /
_cby P. Lankesh; edited by Vanamala Viswanatha
260 _aNew Delhi
_bSahitya Akademi
_c2004
270 _bNew Delhi
_aRabindra Bhawan, 35, Ferozshah Road
_e110001
300 _axxi,178p.
_c20cm(Hb)
500 _aIncludes index
650 _aShort stories, Kannada -- Translations into English
_937469
650 _aShort stories, Kannada
_937470
700 _aViswanatha, Vanamala
_937471
942 _2ddc
_cEN
_hS
_mLAN
999 _c133285
_d133285